<?xml version="1.0" encoding="UTF-8"?>
<collection xmlns="http://www.loc.gov/MARC21/slim">
  <record>
    <leader>00000nam  2200000   4500</leader>
    <controlfield tag="001">INLIS000000000017371</controlfield>
    <controlfield tag="005">20240909090032</controlfield>
    <datafield tag="035" ind1="#" ind2="#">
      <subfield code="a">0010-0724000104</subfield>
    </datafield>
    <controlfield tag="007">ta</controlfield>
    <controlfield tag="008">240909################|##########|#|##</controlfield>
    <datafield tag="084" ind1="#" ind2="#">
      <subfield code="a">R 020 PKP 2023</subfield>
    </datafield>
    <datafield tag="100" ind1=" " ind2="#">
      <subfield code="a">Ari Sutriyanto</subfield>
    </datafield>
    <datafield tag="245" ind1="1" ind2="#">
      <subfield code="a">Penyusunan Bisnis Proses dan Standar Operasional Prosedur Peningkatan Pelayanan Rumah Tangga Perlengkapan di Lingkungan Komisi Aparatur Sipil Negara /</subfield>
      <subfield code="c">Ari Sutriyanto</subfield>
    </datafield>
    <datafield tag="260" ind1="#" ind2="#">
      <subfield code="a">Jakarta :</subfield>
      <subfield code="b">Pusbangkom Pimnas dan Manajerial ASN,</subfield>
      <subfield code="c">2023</subfield>
    </datafield>
    <datafield tag="300" ind1="#" ind2="#">
      <subfield code="a">75 halaman ;</subfield>
      <subfield code="c">30 cm</subfield>
    </datafield>
    <datafield tag="650" ind1="#" ind2="4">
      <subfield code="a">SOP</subfield>
    </datafield>
    <datafield tag="520" ind1="#" ind2="#">
      <subfield code="a">SOP atau Prosedur Tetap (Protap) adalah serangkaian instruksi yang dibakukan dan didokumentasikan dari aktivitas rutin dan berulang yang dilakukan oleh suatu organisasi. SOP dibuat untuk menghindari terjadinya variasi dalam proses pelaksanaan kegiatan oleh pegawai yang akan menghambat kinerja organisasi secara keseluruhan. Upaya mendorong penyelenggaraan pemerintah yang lebih efektif, efesien dan akuntabel, Pemerintah telah mencanangkan penerapan prinsip-prinsio penyelenggaraan tata kelola kepemerintahan yang baik dan bersih (good governance and clean government) melalui penerapan reformasi birokrasi yang secara umum ditujukan untuk meningkatkan kualitas pelayanan kepada masyarakat.</subfield>
    </datafield>
    <datafield tag="856" ind1="#" ind2="#">
      <subfield code="a">Perpustakaan LAN Pusat</subfield>
    </datafield>
    <datafield tag="990" ind1="#" ind2="#">
      <subfield code="a">24.07.020</subfield>
    </datafield>
  </record>
</collection>
